000 01574nam a2200481 i 4500
001 10478
003 KOSZ 005
005 20220421135937.0
008 070620s1969 pl f f |000 0 pol
015 _aUWD 1969/6408
035 _a991038585099705066
035 _a(PL-WaBN)b20329799-48omnis_nlop
035 _ab20329799
035 _a(OCoLC)749256357
035 _azz2004829595
035 _acc2002010507
035 _a(PL)b0000002032979
035 _a(EXLNZ-48OMNIS_NETWORK)9910198934205606
040 _aWA N
_cWA N
_dKOSZ 005/HR
041 0 _apol
046 _k1969
080 _a543
080 _a(076)
245 0 0 _aĆwiczenia rachunkowe z chemii analitycznej :
_bpraca zbiorowa /
_cpod red. Zbigniewa Galusa ; oprac. Z. Galus [et al.].
250 _aWydanie I.
260 _aWarszawa :
_bPaństwowe Wydawnictwo Naukowe,
_c1969.
300 _a554 s. ;
_c23 cm.
336 _aTekst
_btxt
_2rdacontent
337 _aBez urządzenia pośredniczącego
_bn
_2rdamedia
338 _aWolumin
_bnc
_2rdacarrier
380 _aKsiążki
388 _a1901-2000
388 _a1945-1989
521 8 _aDla studentów wyższych szkół technicznych i uniwersytetów.
650 7 _aChemia analityczna
_2DBN
655 7 _aPodręcznik
_2DBN
658 _aChemia
700 1 _aGalus, Zbigniew
_d(1934- )
_eRedakcja
710 2 _aPaństwowe Wydawnictwo Naukowe
_4pbl
856 _uhttp://koha.tu.koszalin.pl/cgi-bin/koha/opac-detail.pl?biblionumber=10478
_yKatalog online BPK
942 _2UKD
_cKS
999 _c10478
_d10478